000 02142cam a22004094i 4500
003 PE-LiUPU
005 20250731183420.0
008 150625s r 000 0 d
020 _a9972752151
035 _a(Sirsi) i9789972752155
040 _aPE-LiUPU
_bspa
_cPE-LiUPU
_erda
049 _aPRUA
082 0 4 _a709.785
_bW95
_221
100 1 _aWuffarden, Luis Eduardo,
_eautor.
245 1 0 _aArte y arquitectura /
_cLuis Eduardo Wuffarden [et al].
264 1 _aLima :
_bEmpresa Editora El Comercio,
_c2004.
300 _a190 páginas :
_bilustraciones ;
_c28 centímetros
336 _atext
_2rdacontent
337 _aunmediated
_2rdamedia
338 _avolume
_2rdacarrier
490 0 _aEnciclopedia temática del Perú ;
_v15
504 _aIncluye bibliografía.
505 0 _aLas primeras expresiones (1532-1620). -La búsqueda de la realidad (1610-1660). -Barroco inicial y afirmación retótica (1650-1680). -La plenitud barroca y el arte mestizo (1680-1750). -Fraccionamiento regional y arcaísmo (1740-1780). -La últimas corrientes (1770-1820). -La arquitectura del virreynato. -Entre la ruptura y la continuidad. -La representación del país (1820-1900). -La mirada hacia Europa (1840-1919). -El indigenismo (1900-1940). -La batalla por el arte moderno. -Modernidades en tránsito (1967-1980). -La plástica peruana en conmoción (1980-1990). -Entre el desconcierto y la madurez (1990-2000).
526 _aP158
526 _aP146
526 _aP17
526 _aP12
526 _aP06
650 1 4 _aAquitectura
_xHistoria
_zPerú.
650 2 4 _aArte
_xHistoria
_zPerú.
942 _2ddc
_cBOOK
949 _a709.785 W95
_wDEWEY
_c1
_i56907
_d2015-9-24
_e2015-9-23
_lCCODEBUL1
_mBUL
_n2
_p4.00
_r0
_sY
_tBOOK
_u2015-6-25
_xINGENIERIA
_zUNKNOWN
_0COMPRA
_o.STAFF. Colección General
994 _aC0
_bPEPRU
596 _a1
999 _a709.785 W95
_wDEWEY
_c46039
_i56907
_d46039
_e2015-9-23
_f2021-11-9
_g7
_lCCODEBUL1
_mBUL
_n2
_p4.00
_r0
_sY
_tBOOK
_u2015-6-25
_xINGENIERIA
_zUNKNOWN
_0COMPRA
_o.STAFF. Colección General
980 _81
_gALBERTO SANCHEZ Responsable de Automatización